00893nam a2200145Ia 4500008004100000100006000041245014500101260003900246440002900285650002200314650026000336856004100596999001900637952009100656171212s9999 xx 000 0 und d aBatto, Nathan F.;Huang, Chi;Tan, Alexander C.;Cox, Gary cBatto, Nathan F.;Huang, Chi;Tan, Alexander C.;Cox, GaryaMixed-Member Electoral Systems in Constitutional ContextbTaiwan, Japan, and Beyond bUniversity of Michigan Pressc2016 aNew Comparative Politics aPolitical Science aProportional representation -- Taiwan; Proportional representation -- Japan; Representative government and representation -- Taiwan; Representative government and representation -- Japan; Political parties -- Taiwan; Political parties -- Japan; Elections  uhttp://jstor.org/stable/j.ctt1gk08h7 c352998d352998 001040aCLbCLd2017-12-12l0oJQ1536 .M59 2016r2017-12-12 00:00:00w2017-12-12yCBE